Countries most similar to Palau - Statistics

General Stats
  • This quiz has been taken 17 times
  • The average score is 14 of 20
Answer Stats
Rank Country % Correct
11 Papua New Guinea
85%
6 Tonga
85%
9 Vanuatu
85%
1 Micronesia
77%
15 Philippines
77%
7 Samoa
77%
19 Australia
69%
8 Fiji
69%
14 Indonesia
69%
2 Marshall Islands
69%
3 Nauru
69%
12 New Zealand
69%
10 Solomon Islands
69%
5 Tuvalu
69%
4 Kiribati
62%
17 Malaysia
62%
13 East-Timor
54%
18 Brunei
46%
16 Japan
46%
20 Singapore
46%
No matching quizzes found
Score Distribution
Percent of People with Each Score
Percentile by Number Answered
Your Score History
You have not taken this quiz